Guess the Minecraft Mob By Their Drop - Statistics

General Stats
  • This quiz has been taken 145 times
  • The average score is 10 of 15
Answer Stats
Drop Mob % Correct
Gunpowder and its tear Ghast
96%
Nether star Wither
95%
String and an eye Cave spider | Spider
94%
Leather and its meat Cow | Hoglin | Mooshroom
93%
Glow inc sac Glow squid
91%
Iron ingot and poppy Iron golem
91%
Slimeball Slime
91%
Rotten flesh, sometimes iron ingot, carrot or potato Husk | Zombie | Zombie villager
90%
Feather and its meat Chicken
88%
Ender pearl Enderman
88%
Bamboo Panda
88%
Wool and its meat Sheep
87%
Ink sac Squid
87%
Glass bottle, glowstone dust, gunpowder, redstone, spider eye, stick, sugar Witch
84%
Gunpowder, music disc Creeper
83%
Snowball Snow golem
83%
Arrow, bone, bow Skeleton
82%
Coal, bone, its skull Wither skeleton
82%
Raw cod Cod | Dolphin
81%
Prismarine shard, prismarine crystals, raw cod, wet sponge and a smithing template Elder guardian
79%
Skulk catalyst Warden
78%
Nothing Allay | Bat | Bee | Camel | Ender dragon | Endermite | Fox | Frog | Goat | Illusioner | Tadpole | Ocelot | Sniffer | Vex | Villager | Wolf
76%
Hide and its meat Rabbit
73%
Magma cream and froglight Magma cube
71%
Its membrane Phantom
71%
Seagrass Turtle
71%
Prismarine shard, prismarine crystals, raw cod Guardian
68%
Arrow and a crossbow (if equipped) Pillager
67%
Its meat (only drop) Pig
66%
Arrow, bone, bow, arrow of slowness Stray
66%
A rod Blaze
64%
Rotten flesh and copper ingot Drowned
64%
Emerald, iron axe (if equipped) Vindicator
63%
Rotten flesh and gold nugget Zombified piglin
63%
Leather (only drop) Donkey | Horse | Llama | Mule | Trader llama
54%
Its shell Shulker
50%
Potion of invisibility or milk Wandering trader
49%
Feather (only drop) Parrot
47%
Totem of undying and emerald Evoker
44%
Its equipment, if any (only drop) Piglin
39%
Itself as an item Cod | Pufferfish | Salmon | Tropical fish
38%
Saddle Ravager
38%
Raw cod and salmon Polar bear
37%
Rotten flesh (only drop) Zoglin | Zombie horse
30%
Bone (only drop) Skeleton horse
29%
String (only drop) Cat | Strider
25%
No matching quizzes found
Score Distribution
Percent of People with Each Score
Percentile by Number Answered
Your Score History
You have not taken this quiz